Missale Romanum (Record no. 7521)

MARC details
000 -CABECERA
campo de control de longitud fija 01304nam a2200289 a 4500
001 - NÚMERO DE CONTROL
campo de control BRCA_7847
005 - FECHA Y HORA DE LA ÚLTIMA TRANSACCIÓN
campo de control 20190320210025.0
008 - DATOS DE LONGITUD FIJA--INFORMACIÓN GENERAL
campo de control de longitud fija 300514s1684----fr-a###f##---#000-0#lat-#
041 ## - CÓDIGO DE LENGUA
Código de lengua del texto/banda sonora o título independiente lat
044 ## - CÓDIGO DEL PAÍS DE LA ENTIDAD EDITORA/PRODUCTORA
Código MARC del país fr
050 #4 - SIGNATURA TOPOGRÁFICA DE LA BIBLIOTECA DEL CONGRESO
Número de clasificación BX2015
Número de documento/Ítem .A2 1684
245 10 - MENCIÓN DE TÍTULO
Título Missale Romanum
Resto del título ex decreto, Sacro Sancti Concilii. Tridentini Restitutum, PII V. Pont. Max. Jessu editium. Et Clementis VIII. Primium, nunc denuo. Urbani Papae VIII. auctoritate recognitum. Unà cum omnibus aliorum Sanctorum Missis ab Innocentio X caeterisque summis. Pontificibus Concessis
Mención de responsabilidad, etc. Apud Georgium & Ludovicum Josse.
260 ## - PUBLICACIÓN, DISTRIBUCIÓN, ETC.
Lugar de publicación, distribución, etc. Paris
Nombre del editor, distribuidor, etc. Apud Georgium & Ludovicum Josse viâ Jacobaea, sub signo Coronae Spinae
Fecha de publicación, distribución, etc. 1684
300 ## - DESCRIPCIÓN FÍSICA
Extensión cxxii, 582 p.
Otras características físicas il.
Dimensiones 15 cm.
500 ## - NOTA GENERAL
Nota general Edición de cantos dorados
500 ## - NOTA GENERAL
Nota general Fondo antiguo
500 ## - NOTA GENERAL
Nota general Ejemplar se encuentra en caja fuerte
500 ## - NOTA GENERAL
Nota general T-8
500 ## - NOTA GENERAL
Nota general Con Ex- libris de: Franz Mayer
500 ## - NOTA GENERAL
Nota general Estado físico: la tapa se encuentra rota del costado donde se encuentra el lomo
506 0# - NOTA DE RESTRICCIONES AL ACCESO
Limitaciones de acceso Fondo reservado: para su consulta es necesario credencial de usuario y carta de motivos
650 14 - PUNTO DE ACCESO ADICIONAL DE MATERIA--TÉRMINO DE MATERIA
Término de materia o nombre geográfico como elemento de entrada Misales
Subdivisión cronológica Siglo XV
9 (RLIN) 19424
650 14 - PUNTO DE ACCESO ADICIONAL DE MATERIA--TÉRMINO DE MATERIA
Término de materia o nombre geográfico como elemento de entrada Libros litúrgicos
Subdivisión de forma Edición especial
9 (RLIN) 19425
700 1# - PUNTO DE ACCESO ADICIONAL--NOMBRE DE PERSONA
Nombre de persona Josse, Georgium & Ludovico
9 (RLIN) 19426
902 ## - CATALOGADOR
Iniciales LAR
942 ## - ELEMENTOS DE PUNTO DE ACCESO ADICIONAL (KOHA)
Fuente del sistema de clasificación o colocación Library of Congress Classification
Tipo de ítem Koha Libros
Holdings
Estado de retiro Estado de pérdida Estado dañado No para préstamo Localización permanente Ubicación/localización actual Fecha de adquisición Número de inventario Total de préstamos Signatura topográfica completa Código de barras Fecha visto por última vez Precio válido a partir de Tipo de ítem Koha
El ejemplar forma parte de la colección y puede ser consultado según las políticas vigentes.       Biblioteca del Museo Franz Mayer (Rogerio Casas-Alatriste) Biblioteca del Museo Franz Mayer (Rogerio Casas-Alatriste) 07/11/2013 T-8   BX2015 .A2 1684 (T-8) LAR00013 22/03/2019 22/03/2019 Libros